| 000 | 00933 a2200253 4500 | ||
|---|---|---|---|
| 005 | 20151005075856.0 | ||
| 008 | 151005s2012 xxuad fr|||| 00| 0 eng d | ||
| 020 | _a9781475088069 | ||
| 020 | _a147508806X | ||
| 040 |
_aCO-BoUCM _bspa _cJose A. Gerena _dJose A. Gerena |
||
| 041 | 0 | _aeng | |
| 100 | 1 |
_aPessoa, Argentino _971990 |
|
| 245 | 1 | 0 |
_aInnovation and knowledge economics _cArgentino Pessoa |
| 260 |
_c2012 _bCreateSpace _aCharleston (Carolina del Sur, Estados Unidos) |
||
| 300 |
_axi, 174 páginas _bilustraciones, cuadros, gráficas |
||
| 504 | _aIncluye referencias bibliográficas | ||
| 650 | 7 |
_912956 _aDesarrollo económico |
|
| 650 | 7 |
_919669 _aModelos económicos |
|
| 650 | 7 |
_aInnovaciones tecnológicas _xAspectos económicos _945069 |
|
| 650 | 7 |
_921972 _aPolítica económica |
|
| 690 |
_942795 _aEconomía |
||
| 942 |
_2DEWEY _a7 _cLIBROREF _e1 _h338.9 _kR _mP475 |
||
| 999 |
_c301015 _d301015 |
||